|
|
|
|
| LEADER |
02377nem a2200457 a 4500 |
| 001 |
mzk03001178178 |
| 003 |
CZ BrMZK |
| 005 |
20130905124929.0 |
| 007 |
aj||anzn |
| 008 |
070219s1788 au |||||||a|||||0|||fre|d |
| 034 |
3 |
|
|a a
|b 480000
|d E01756500
|e E0195600
|f N0425000
|g N0415500
|
| 040 |
|
|
|a BOE801
|b cze
|
| 041 |
0 |
|
|a fre
|a ger
|
| 043 |
|
|
|a e-aa---
|a e-yu---
|
| 072 |
|
7 |
|a 912:904
|x Staré mapy
|2 Konspekt
|9 7
|
| 080 |
|
|
|a (496.5)
|2 MRF
|
| 080 |
|
|
|a (497.16)
|2 MRF
|
| 080 |
|
|
|a (084.3)
|2 MRF
|
| 100 |
1 |
|
|a Maire, Francois Joseph,
|d 1738-1788
|7 ola2010577178
|4 aut
|
| 245 |
1 |
0 |
|a Carte de la partie d'Albanie occupée par le Bacha de Scutari. le District des Montenegrins, et partie des Territoires des Repques de Venise, et de Raguse. Pour servir de renseignemens á la Carte des Limites des trois Empires ou Théatre de la Guerre presente
|h [kartografický dokument] =
|b Karte Des Theiles von Albanien so der Bascha von Scutari in besitze hat, Der District der Montenegriner, und ein Theil der Besitzungen der Rep: Vnedig und Ragusa
|
| 246 |
3 |
1 |
|a Karte Des Theiles von Albanien so der Bascha von Scutari in besitze hat, Der District der Montenegriner, und ein Theil der Besitzungen der Rep: Vnedig und Ragusa
|h [kartografický dokument]
|
| 255 |
|
|
|a Měřítko [ca 1:480 000]. 8 cm = Echelle de cinq Milles d'Allemagne
|c (017°56´50" v.d.--019°56´00" v.d./042°50´00" s.š.--041°55´00" s.š.)
|
| 260 |
|
|
|a [Wien :
|b s.n.],
|c 1788
|
| 300 |
|
|
|a 1 mapa :
|b mědirytina ;
|c 34,5 x 43 cm
|
| 500 |
|
|
|a Mapa je rozdělená na 4 části, znovu slepená a podlepená plátnem
|
| 500 |
|
|
|a Výzdoba: Mapa je ručně kolorovaná, černobílé vyznačení pohoří a lesů. Vlevo nahoře je nápisová kartuše ovinutá rostlinými výhonky, vlevo dole je německý název umístěný v rámečku, směrová růžice a měřítko
|
| 510 |
3 |
|
|a IKAR
|
| 510 |
3 |
|
|a IDS Basel Bern
|
| 546 |
|
|
|a Název je francouzsky a německy
|
| 561 |
|
|
|a Provenience: Albanie. Montenergrins
|
| 655 |
|
7 |
|a staré mapy
|7 fd674099
|2 czenas
|
| 651 |
|
7 |
|a Albánie
|7 ge128651
|2 czenas
|
| 651 |
|
7 |
|a Černá Hora
|7 ge134642
|2 czenas
|
| 903 |
|
|
|a RP
|
| 910 |
|
|
|e BOE950
|c R - XIII (I.I.a)
|
| 978 |
|
|
|b S.n.
|a s.l.
|c 1788
|
| 985 |
|
|
|a 1751-1800
|
| 990 |
|
|
|a MP
|
| 996 |
|
|
|e BOE950
|c R - XIII (I.I.a)
|
| 991 |
|
|
|k rajhrad
|
| 980 |
|
|
|c 290014
|g R - XIII (I.I.a)
|d 20070219
|t 5
|1 328100290014
|n J
|z KR
|